| 000 | 01726nam a2200349 a 4500 | ||
|---|---|---|---|
| 001 | ebr10571262 | ||
| 003 | CaPaEBR | ||
| 006 | m u | ||
| 007 | cr cn||||||||| | ||
| 008 | 120510s2012 dcua sb 000 0 eng d | ||
| 010 | _z 2012018557 | ||
| 020 | _z9780821395516 | ||
| 020 | _z9780821395523 (e-book) | ||
| 040 |
_aCaPaEBR _cCaPaEBR |
||
| 035 | _a(OCoLC)795466244 | ||
| 050 | 1 | 4 |
_aHC79.E5 _bI5133 2012eb |
| 082 | 0 | 4 |
_a338.9/27 _223 |
| 245 | 0 | 0 |
_aInclusive green growth _h[electronic resource] : _bthe pathway to sustainable development. |
| 260 |
_aWashington, D.C. : _bWorld Bank, _cc2012. |
||
| 300 |
_axvi, 171 p. : _bill. |
||
| 500 | _a"This report was written by a team led by Marianne Fay [... et al.]." | ||
| 504 | _aIncludes bibliographical references. | ||
| 505 | 0 | _aAn analytical framework for green growth -- Fostering environment-friendly behavioral change through market and non-market mechanisms -- Innovation and other industrial policies -- Human capital: implications of green growth policies for labor markets and job creation -- Natural capital -- Physical capital: the role of infrastructure in green growth strategies -- Crafting a green growth strategy. | |
| 533 |
_aElectronic reproduction. _bPalo Alto, Calif. : _cebrary, _d2011. _nAvailable via World Wide Web. _nAccess may be limited to ebrary affiliated libraries. |
||
| 650 | 0 | _aSustainable development. | |
| 650 | 0 |
_aEconomic development _xEnvironmental aspects. |
|
| 655 | 7 |
_aElectronic books. _2local |
|
| 700 | 1 | _aFay, Marianne. | |
| 710 | 2 | _aWorld Bank. | |
| 710 | 2 | _aebrary, Inc. | |
| 856 | 4 | 0 |
_uhttp://site.ebrary.com/lib/rucke/Doc?id=10571262 _zAn electronic book accessible through the World Wide Web; click to view |
| 999 |
_c80870 _d80870 |
||